Normal view
MARC view
- ALGEBRA ACC NO-25922
Entry Topical Term
001 - CONTROL NUMBER
- control field: 59491
003 - CONTROL NUMBER IDENTIFIER
- control field: NUST
005 - DATE AND TIME OF LATEST TRANSACTION
- control field: 20210628202340.0
008 - FIXED-LENGTH DATA ELEMENTS
- fixed length control field: 210628|| aca||aabn | a|a d
040 ## - CATALOGING SOURCE
- Original cataloging agency: NUST
- Transcribing agency: NUST
150 ## - HEADING--TOPICAL TERM
- Topical term or geographic name entry element: ALGEBRA ACC NO-25922
670 ## - SOURCE DATA FOUND
- Source citation: Work cat.: (NUST): KAUGMANN, JEROME E 59490, ALGEBRA FOR COLLEGE STUDENTS, 1987
